Sports Quiz

Random Sports or Soccer Quiz

Obscure Knowledge - Champions League Winners Quiz Stats

 Plays Quiz Updated Aug 9, 2018

Challenge
Share
Tweet
Embed
Score 0/22 Timer 02:00
157 Plays Today
Percent Guessed Club % Correct
99.0%???
100%
98.3%???
93.2%
96.6%???
91.4%
96.0%???
90.6%
91.2%???
89%
87.8%???
86.9%
87.3%???
84.3%
77.2%???
83.4%
73.0%???
76.2%
72.9%???
74.8%
68.0%???
73.5%
Percent Guessed Club % Correct
66.6%???
68.6%
62.1%???
65.7%
61.5%???
58.7%
57.3%???
55.9%
55.3%???
50.8%
52.6%???
46.2%
48.5%???
40.4%
43.4%???
37.8%
38.0%???
23.6%
36.4%???
19.8%
29.7%???
14.7%

You're not logged in!

Compare scores with friends on all Sporcle quizzes.
OR
Log In

You Might Also Like...

Show Comments

Extras

Top Quizzes Today


Score Distribution

Your Account Isn't Verified!

In order to create a playlist on Sporcle, you need to verify the email address you used during registration. Go to your Sporcle Settings to finish the process.

Report this User

Report this user for behavior that violates our Community Guidelines.

Details: